Literacy and human development : (Record no. 124864)
[ view plain ]
| 000 -LEADER | |
|---|---|
| fixed length control field | 01544nam a2200313 a 4500 |
| 001 - CONTROL NUMBER | |
| control field | 424784 |
| 003 - CONTROL NUMBER IDENTIFIER | |
| control field | ARRUPE |
| 005 - DATE AND TIME OF LATEST TRANSACTION | |
| control field | 20160804113537.0 |
| 008 - FIXED-LENGTH DATA ELEMENTS--GENERAL INFORMATION | |
| fixed length control field | 810402s1979 ke a b 100 0 eng |
| 010 ## - LIBRARY OF CONGRESS CONTROL NUMBER | |
| LC control number | 80980628 |
| 040 ## - CATALOGING SOURCE | |
| Original cataloging agency | DLC |
| Transcribing agency | DLC |
| Modifying agency | DLC |
| 043 ## - GEOGRAPHIC AREA CODE | |
| Geographic area code | f------ |
| 050 00 - LIBRARY OF CONGRESS CALL NUMBER | |
| Classification number | LC158.A2 |
| Item number | A43 1972 |
| 082 00 - DEWEY DECIMAL CLASSIFICATION NUMBER | |
| Classification number | 374/.012 |
| Edition number | 19 |
| 300 ## - PHYSICAL DESCRIPTION | |
| Other physical details | ill. ; |
| Dimensions | 19 cm. |
| 111 2# - MAIN ENTRY--MEETING NAME | |
| Meeting name or jurisdiction name as entry element | Afrolit Society Literacy Seminar |
| Number of part/section/meeting | (3rd : |
| Date of meeting | 1972 : |
| Location of meeting | Lomé, Togo) |
| 9 (RLIN) | 24643 |
| 245 10 - TITLE STATEMENT | |
| Title | Literacy and human development : |
| Remainder of title | (organization, teacher training, writing for new readers, continuing education in adult literacy) : including translations from French of occasional papers read at the Third Biennial Afrolit Literacy Seminar, Lome, Togo, December 10-20, 1972 and at the consultation on literacy and human development organized jointly by Afrolit Society and Intermedia (of the National Council of Churches USA) for African literacy workers at Chilema, Malawi, March 1973 / |
| Statement of responsibility, etc | Charles T. Hein, editor. |
| 250 ## - EDITION STATEMENT | |
| Edition statement | 2d rev. ed. |
| 260 ## - PUBLICATION, DISTRIBUTION, ETC. (IMPRINT) | |
| Place of publication, distribution, etc | Nairobi, Kenya : |
| Name of publisher, distributor, etc | The Society, |
| Date of publication, distribution, etc | c1979. |
| 300 ## - PHYSICAL DESCRIPTION | |
| Extent | vii, 139 p. : |
| 490 1# - SERIES STATEMENT | |
| Series statement | Afrolit papers ; |
| Volume number/sequential designation | v. 1 |
| 504 ## - BIBLIOGRAPHY, ETC. NOTE | |
| Bibliography, etc | Includes bibliographical references. |
| 650 #0 - SUBJECT ADDED ENTRY--TOPICAL TERM | |
| Topical term or geographic name as entry element | Literacy |
| Geographic subdivision | Africa |
| General subdivision | Congresses. |
| 9 (RLIN) | 24644 |
| 700 1# - ADDED ENTRY--PERSONAL NAME | |
| Personal name | Hein, Charles T. |
| 9 (RLIN) | 24645 |
| 710 2# - ADDED ENTRY--CORPORATE NAME | |
| Corporate name or jurisdiction name as entry element | Afrolit Society. |
| 9 (RLIN) | 24646 |
| 710 2# - ADDED ENTRY--CORPORATE NAME | |
| Corporate name or jurisdiction name as entry element | National Council of the Churches of Christ in the United States of America. |
| Subordinate unit | Intermedia. |
| 9 (RLIN) | 24647 |
| 830 #0 - SERIES ADDED ENTRY--UNIFORM TITLE | |
| Uniform title | Afrolit papers ; |
| Volume number/sequential designation | no. 1. |
| 9 (RLIN) | 24648 |
| 906 ## - LOCAL DATA ELEMENT F, LDF (RLIN) | |
| a | 7 |
| b | cbc |
| c | orignew |
| d | 4 |
| e | ncip |
| f | 19 |
| g | y-gencatlg |
| 942 ## - ADDED ENTRY ELEMENTS (KOHA) | |
| Source of classification or shelving scheme | Library of Congress Classification |
| Koha item type | Monograph ( Printed materials) |
| Withdrawn status | Lost status | Source of classification or shelving scheme | Damaged status | Not for loan | Collection code | Home library | Current library | Shelving location | Date acquired | Total Checkouts | Full call number | Barcode | Date last seen | Price effective from | Koha item type |
|---|---|---|---|---|---|---|---|---|---|---|---|---|---|---|---|
| Library of Congress Classification | Main Collection | ARRUPE LIBRARY | ARRUPE LIBRARY | Main Collection | 04/08/2016 | LC158.A2 A43 1972 | 46500009401 | 28/06/2018 | 04/08/2016 | Monograph ( Printed materials) |